Clinical Klein (Record no. 3243)
[ view plain ]
| 000 -LEADER | |
|---|---|
| fixed length control field | 01422cam a22002054a 4500 |
| 005 - ΗΜΕΡΟΜΗΝΙΑ ΚΑΙ ΩΡΑ ΤΕΛΕΥΤΑΙΑΣ ΕΝΗΜΕΡΩΣΗΣ | |
| Πεδίο ελέγχου | 20250605164109.0 |
| 008 - FIXED-LENGTH DATA ELEMENTS--GENERAL INFORMATION | |
| Πεδίο ελέγχου σταθερού μήκους | 250528s ||||||||||||||||||||||||d |
| 035 ## - SYSTEM CONTROL NUMBER | |
| System control number | 17843 |
| 020 ## - ISBN | |
| ISBN | 9781853433152 |
| 040 ## - ΠΗΓΗ ΚΑΤΑΛΟΓΟΓΡΑΦΗΣΗΣ | |
| Φορέας πρωτότυπης καταλογογράφησης | MC Athens Campus Library |
| Γλώσσα καταλογογράφησης | Ελληνικά, Μοντέρνα (1453-) |
| Modifying agency | MC Athens Campus Library |
| Κανόνες περιγραφικής καταλογογράφησης | AACR2 |
| 245 1# - ΤΙΤΛΟΣ ΚΑΙ ΔΗΛΩΣΗ ΥΠΕΥΘΥΝΟΤΗΤΑΣ | |
| Τίτλος | Clinical Klein |
| 260 ## - PUBLICATION, DISTRIBUTION, ETC. | |
| Date of publication, distribution, etc. | 1994 |
| 300 ## - PHYSICAL DESCRIPTION | |
| Extent | 260 |
| 520 ## - SUMMARY, ETC. | |
| Summary, etc. | The first comprehensive exposition of Kleinian thought from a clinical and historical perspective. Acknowledgements, Examples, Introduction: A Guide to the Baffled Reader, The Foundation, The Psychoanalytic Background, Introjection and Projection, Unconscious Phantase, Appendix to Chapter 3: Earliest Object Relations, Melanie Klein's Contributions, A Method for Children, Internal Objects, The Depressive Position, The Paranoid-Schizoid Position, Appendix to Chapter 7: The Mind as Apparatus for Evacuation, Projective Identification, The Death Instinct and Envy, Epilogue to Part II: Omnipotence or Reality, Emotional Contact and the K-Link, Emotional Contact and the K-Link, Countertransference, Knowing and Being Known, Oedipal Knowing, Being Moved, Impasse and the Organization of the Personality, Change and Development, Epilogue to Part III: The Evolution of Kleinian Technique, Reflections: Progress and History, Notes, References, Index. |
| 700 1# - ΠΡΟΣΘΕΤΗ ΑΝΑΓΡΑΦΗ--ΦΥΣΙΚΟ ΠΡΟΣΩΠΟ | |
| Personal name | Hinshelwood R. D |
| 9 (RLIN) | 4126 |
| 710 2# - ΠΡΟΣΘΕΤΗ ΑΝΑΓΡΑΦΗ--ΣΥΛΛΟΓΙΚΟ ΟΡΓΑΝΟ | |
| Corporate name or jurisdiction name as entry element | Free Association Books |
| 9 (RLIN) | 9750 |
| 942 ## - ADDED ENTRY ELEMENTS (KOHA) | |
| Koha item type | Books |
| Τύπος τεκμηρίου | Βιβλιοθήκη | Τρέχουσα τοποθεσία | Barcode | Αριθμός εισαγωγής | Ημερομηνία απόκτησης | Ταξιθετικό σύμβολο | Αριθμός αντιτύπου | Κατάσταση απόσυρσης | Κατάσταση χαμένου | Κατάσταση κατεστραμμένου | Μη δανεισμός | Σύνολο δανεισμών | Ημερομηνία τελευταίας εμφάνισης | Η τιμή ισχύει από |
|---|---|---|---|---|---|---|---|---|---|---|---|---|---|---|
| Books | MC Athens Campus Library | MC Athens Campus Library | 9780000032423 | 7306 | 05/06/2025 | 150.195 HIN | 1 | 05/06/2025 | 05/06/2025 |